Continuing Professional Development (Record no. 121248)

MARC details
000 -LEADER
fixed length control field 01225nas a22002297a 4500
001 - CONTROL NUMBER
control field K121248
007 - PHYSICAL DESCRIPTION FIXED FIELD--GENERAL INFORMATION
fixed length control field ta
008 - FIXED-LENGTH DATA ELEMENTS--GENERAL INFORMATION
fixed length control field 200330b2020 ||||| |||| 00| 0 eng d
041 ## - LANGUAGE CODE
Language code of text/sound track or separate title eng
100 ## - MAIN ENTRY--PERSONAL NAME
Personal author Hooper, Brendon
245 ## - TITLE STATEMENT
Title Continuing Professional Development
260 ## - PUBLICATION INFORMATION
Date 2020
490 ## - SERIES TITLE
Series statement RICS Modus
Volume February 2020, 22-26(5)
520 ## - ABSTRACT
Abstract interviews with five RICS change-makers about the work the organisation is doing to build a future proof profession. Ian Jeal, Director of Education and Qualification Standards, talks about career paths and qualification pathways are adapting. Christine O'Rourke, Head of Conduct Standards, talks about how ethical standards are reflecting technological change. Richard Collins, Executive Director for the Profession, looks as how the CPD framework is adapting. Chris Alder, Director of Regulation, looks at how regulation is moving to being a supportive process not just a disciplinary one and Richard Groom, Head of Core Data Products, looks at developments in RICS in-house technical products.
650 ## - KEYWORDS
Keywords REGULATION
650 ## - KEYWORDS
Keywords QUALIFICATION
650 ## - KEYWORDS
Keywords CAREERS
650 ## - KEYWORDS
Keywords TRAINING
650 ## - KEYWORDS
Keywords CPD
651 ## - SUBJECT ADDED ENTRY--GEOGRAPHIC NAME
Geographic name United Kingdom 1973
690 ## - LOCAL SUBJECT ADDED ENTRY--TOPICAL TERM (OCLC, RLIN)
9 (RLIN) 6277
Topical term or geographic name as entry element RICS
Holdings
Withdrawn status Lost status Damaged status Koha normalized classification for sorting Not for loan Home library Current library Shelving location Date acquired Total Checkouts Full call number Date last seen Price effective from Koha item type
      ONLINE   Virtual Virtual Online 30/03/2020   ONLINE 30/03/2020 30/03/2020 Journal article